| 000 | 00391 a2200169 4500 | ||
|---|---|---|---|
| 001 | 71323 | ||
| 020 | _a8572972269 | ||
| 040 | _cAnchieta - Colégio São Paulo | ||
| 100 | _aAssumpção, André Luiz M. de | ||
| 240 | 1 | 0 |
_aA descoberta de Bruno _lpor |
| 245 | 1 | 0 | _aA descoberta de Bruno |
| 300 | _a38 | ||
| 362 | 0 | _a2002 | |
| 440 | 1 | _aCeld | |
| 650 | 4 | _aLiteratura infantil | |
| 942 | _cBK | ||
| 999 |
_c71323 _d71323 |
||